| 000 | 01154nam a22002177a 4500 | ||
|---|---|---|---|
| 999 |
_c4124 _d4124 |
||
| 003 | AR-CdUCM | ||
| 008 | 190308b ||||| |||| 00| 0 spa d | ||
| 040 |
_aMUNICIPALIDAD PROVINCIAL DEL CUSCO _cBIBLIOTECA MUNICIPAL DEL CUSCO |
||
| 082 |
_a376 / _bM61 |
||
| 110 |
_aMinisterio de la mujer y desarrollo social - MINDES _913067 |
||
| 245 | _aPlan nacional contra la violencia hacia la mujer 2002 - 2007 / | ||
| 260 |
_aLima : _bGráfica educativa, _c2003. |
||
| 300 |
_a121 paginas ; _c20 cm. |
||
| 505 | _aContenido : Convención sobre la eliminación de toda las formas de discriminación contra la mujer -- Protocolo facultativo de la convención sobre la eliminación de todas las formas de discriminación contra la mujer ... | ||
| 650 |
_aPlan contra la violencia hacia la mujer en el Perú _913068 |
||
| 650 |
_aConvención sobre la eliminación de todas las formas de discriminación contra la mujer _913069 |
||
| 650 |
_aProtocolo facultativo de la convención sobre la eliminación de todas las formas de discriminación hacia la mujer _913070 |
||
| 700 |
_aTownsend Diez Canseco, Ana Elena _913071 |
||
| 942 |
_2ddc _cLIBROS |
||
| 945 | _arah | ||